000 004940000a22001570004500
090 _aAR
_b01054
245 1 0 _aNuevas propuestas de clasificación de los artrópodos y grupos cercanos
650 1 4 _aFilogenética
_94310
650 1 4 _aTaxonomía animal
_98245
650 1 4 _aArtrópodos
_92658
041 0 _aEspañol
700 1 _aEscobar Sarria, Federico
_93531
100 1 _aFernández Castiblanco, Fernando
_94332
942 _cARTICULO
773 1 _tInnovación y Ciencia
_3381
_h1
_q28-33
_d1997
_g6
999 _c10142
_d10142